000
00254nam a22001217a 4500
008
170329b xxu||||| |||| 00| 0 eng d
041
_a
alb
080
_a
616-053.2
100
_a
8
101
_a
SHM
245
_a
PEDIATRIA
_c
BEBECI, D
942
_2
udc
_c
BK
999
_c
8946
_d
8946